| 000 | 00449nam a2200133Ia 4500 | ||
|---|---|---|---|
| 008 | 220217s9999 xx 000 0 und d | ||
| 245 | 0 | _aMethods of testing raw rubber & unvulcanized compounded rubber. Part 6. Determination of limiting viscosity number of raw rubbers | |
| 260 | _c1969 | ||
| 500 | _aStandard number: BS 1673 Part 6 | ||
| 650 | _aRaw rubber | ||
| 650 | _aUnvulcanised compounded rubber | ||
| 650 | _aViscosity number | ||
| 942 | _cST | ||
| 999 |
_c73020 _d73020 |
||